200 tranferts les plus chers (foot) - Statistiques

Statistiques générales
  • Ce quiz a été pris 188 fois
  • Le résultat moyen est 31 sur 200
Statistiques - réponses
Hint Hint Hint Hint Hint Réponse % Correct
2. Monaco PSG 2018/19 180M Kylian Mbappé
98%
1. Barcelona PSG 2017/18 222M Neymar Jr
76%
22. PSG Al Hilal 2023/24 90M Neymar Jr
76%
24. Santos Barcelona 2013/14 88M Neymar Jr
76%
9. Real Madrid Juventus 2018/19 117M Cristiano Ronaldo
61%
20. Manchester United Real Madrid 2009/10 94M Cristiano Ronaldo
61%
4. Dortmund Barcelona 2017/18 135M Ousmane Dembélé
61%
117. Barcelona PSG 2023/24 50M Ousmane Dembélé
61%
7. Atletico Barcelona 2019/20 120M Antoine Griezmann
54%
160. Inter Milan Real Madrid 2002/03 45M Ronaldo
53%
5. Benfica Atletico 2019/20 127M Joao Felix
49%
14. Juventus Manchester United 2016/17 105M Paul Pogba
48%
8. Aston Villa Manchester City 2021/22 117M Jack Grealish
45%
3. Liverpool Barcelona 2017/18 135M Philippe Coutinho
44%
6. Benfica Chelsea 2022/23 121M Enzo Fernandez
42%
167. River Plate Benfica 2022/23 44M Enzo Fernandez
42%
10. West Ham Arsenal 2023/24 116M Declan Rice
40%
16. Tottenham Real Madrid 2013/14 101M Gareth Bale
40%
17. Tottenham Bayern 2023/24 95M Harry Kane
39%
13. Inter Milan Chelsea 2021/22 113M Romelu Lukaku
39%
30. Everton Manchester United 2017/18 84M Romelu Lukaku
39%
47. Manchester United Inter Milan 2019/20 74M Romelu Lukaku
39%
12. Chelsea Real Madrid 2019/20 115M Eden Hazard
38%
15. Dortmund Real Madrid 2023/24 103M Jude Bellingham
38%
18. Eintracht Frankfurt PSG 2023/24 95M Randal Kolo Muani
38%
19. Ajax Manchester United 2022/23 95M Antony
36%
25. Leicester Manchester United 2019/20 87M Harry Maguire
34%
23. Napoli Juventus 2016/17 90M Gonzalo Higuain
33%
31. Southampton Liverpool 2017/18 84M Virgil Van Dijk
33%
41. Juventus Real Madrid 2001/02 77M Zinédine Zidane
33%
26. Ajax Barcelona 2019/20 86M Frenkie de Jong
32%
21. Leipzig Manchester City 2023/24 90M Josko Gvardiol
32%
29. Dortmund Manchester United 2021/22 85M Jadon Sancho
31%
28. Benfica Liverpool 2022/23 85M Darwin Nunez
29%
33. Liverpool Barcelona 2014/15 81M Luis Suarez
29%
11. Brighton Chelsea 2022/23 116M Moises Caicedo
29%
34. Barcelona Juventus 2020/21 80M Arthur
28%
36. Monaco Real Madrid 2022/23 80M Aurelien Tchouameni
27%
42. Wolfsburg Manchester City 2015/16 76M Kevin de Bruyne
27%
38. Atletico Bayern 2019/20 80M Lucas Hernandez
26%
145. Bayern PSG 2023/24 45M Lucas Hernandez
26%
27. Ajax Juventus 2019/20 85M Matthijs de Ligt
26%
59. Juventus Bayern 2022/23 67M Matthijs de Ligt
26%
39. Lille Arsenal 2019/20 80M Nicolas Pépé
26%
32. Fiorentina Juventus 2021/22 83M Dusan Vlahovic
25%
37. Leverkusen Chelsea 2020/21 80M Kai Havertz
25%
43. Chelsea Arsenal 2023/24 75M Kai Havertz
25%
50. Benfica Manchester City 2020/21 71M Ruben Dias
24%
44. Lille Napoli 2020/21 75M Victor Osimhen
24%
45. Monaco Real Madrid 2014/15 75M James Rodriguez
23%
159. Porto Monaco 2013/14 45M James Rodriguez
23%
51. Real Madrid Manchester United 2022/23 70M Casemiro
21%
40. Athletic Bilbao Chelsea 2018/19 80M Kepa Arrizabalaga
21%
49. Monaco Atletico 2018/19 72M Thomas Lemar
21%
46. Real Madrid Manchester United 2014/15 75M Angel Di Maria
19%
74. Manchester United PSG 2015/16 63M Angel Di Maria
19%
48. Atalanta Manchester United 2023/24 73M Rasmus Hojlund
18%
55. Atletico Manchester City 2019/20 70M Rodri
17%
67. Napoli PSG 2013/14 64M Edinson Cavani
16%
57. Inter Milan PSG 2021/22 68M Achraf Hakimi
15%
174. Dortmund Inter Milan 2020/21 43M Achraf Hakimi
15%
84. Dortmund Manchester City 2022/23 60M Erling Haaland
15%
65. Juventus Manchester City 2019/20 65M Joao Cancelo
15%
60. Milan Real Madrid 2009/10 67M Kaka
15%
90. Barcelona Real Madrid 2000/01 60M Luis Figo
15%
35. Leicester Chelsea 2022/23 80M Wesley Fofana
15%
75. Roma Liverpool 2018/19 62M Alisson
14%
64. Sporting Manchester United 2019/20 65M Bruno Fernandes
14%
52. Leipzig Liverpool 2023/24 70M Dominik Szoboszlai
14%
88. Chelsea Shangai Port 2016/17 60M Oscar
14%
54. Real Sociedad Newcastle United 2022/23 70M Alexander Isak
13%
89. Monaco Manchester United 2015/16 60M Anthony Martial
13%
83. Rennes Manchester City 2023/24 60M Jérémy Doku
13%
73. Eitracht Frankfurt Real Madrid 2019/20 63M Luka Jovic
13%
82. Zenith St Petersbourg Al Hilal 2023/24 60M Malcom
13%
196. Barcelona Zenith St Petersbourg 2019/20 41M Malcom
13%
72. Liverpool Manchester City 2015/16 63M Raheem Sterling
13%
100. Manchester City Chelsea 2022/23 56M Raheem Sterling
13%
58. Leicester Manchester City 2018/19 67M Riyad Mahrez
13%
78. Lyon Tottenham 2019/20 62M Tanguy Ndombélé
13%
195. Porto PSG 2022/23 41M Vitinha
13%
56. Inter Milan Barcelona 2009/10 69M Zlatan Ibrahimovic
13%
66. Athletic Bilbao Manchester City 2017/18 65M Aymeric Laporte
12%
68. Chelsea Manchester United 2023/24 64M Mason Mount
12%
189. Roma Liverpool 2017/18 42M Mohamed Salah
12%
126. Monaco Manchester City 2017/18 50M Bernardo Silva
11%
63. Benfica PSG 2023/24 65M Gonçalo Ramos
11%
61. Real Madrid Chelsea 2017/18 66M Alvaro Morata
10%
96. Monaco Manchester City 2017/18 57M Benjamin Mendy
10%
79. Leipzig Chelsea 2023/24 60M Christopher Nkunku
10%
138. Liverpool Al Ittihad 2023/24 46M Fabinho
10%
155. Monaco Liverpool 2018/19 45M Fabinho
10%
80. Sporting PSG 2023/24 60M Manuel Ugarte
10%
62. Brighton Chelsea 2022/23 65M Marc Cucurella
10%
85. Juventus Barcelona 2020/21 60M Miralem Pjanic
10%
71. Dortmund Arsenal 2017/18 63M Pierre Emerick Aubameyang
10%
199. Southampton Liverpool 2016/17 41M Sadio Mané
10%
69. Milan Newcastle United 2023/24 64M Sandro Tonali
10%
109. Lyon Arsenal 2017/18 53M Alexandre Lacazette
9%
91. Shaktar Donetsk Manchester United 2018/19 59M Fred
9%
101. Zenith St Petersbourg Shangai Port 2016/17 56M Hulk
9%
108. Leipzig Chelsea 2020/21 53M Timo Werner
9%
172. Fiorentina Juventus 2022/23 43M Federico Chiesa
8%
95. Leeds United Barcelona 2022/23 58M Raphinha
8%
152. Santos Real Madrid 2019/20 45M Rodrygo
8%
156. Flamengo Real Madrid 2018/19 45M Vinicius Jr
8%
115. Inter Milan Manchester United 2023/24 50M André Onana
7%
183. Lyon Newcastle United 2021/22 42M Bruno Guimaraes
7%
70. Dortmund Chelsea 2018/19 64M Christian Pulisic
7%
197. Lyon Bayern 2017/18 41M Corentin Tolisso
7%
164 Wolverhampton Liverpool 2020/21 44M Diogo Jota
7%
110. Parma Juventus 2000/01 52M Gianluigi Buffon
7%
77. Wolverhampton Manchester City 2023/24 62M Matheus Nunes
7%
150. Sporting Wolverhampton 2022/23 45M Matheus Nunes
7%
103. Leverkusen Aston Villa 2023/24 55M Moussa Diaby
7%
86. Leipzig Liverpool 2018/19 60M Naby Keita
7%
81. Porto Al Nassr 2023/24 60M Otavio
7%
176. Atletico Monaco 2013/14 43M Radamel Falcao
7%
107. Crystal Palace Manchester United 2019/20 55M Aaron Wan Bissaka
6%
120. Sevilla Barcelona 2022/23 50M Jules Koundé
6%
118. Napoli Bayern 2023/24 50M Kim Min Jae
6%
114. Schalke Manchester City 2016/17 52M Leroy Sané
6%
132. Manchester City Bayern 2020/21 49M Leroy Sané
6%
136. Porto Liverpool 2021/22 47M Luis Diaz
6%
146. PSG Al Arabi 2023/24 45M Marco Verratti
6%
154. Real Madrid Chelsea 2019/20 45M Mateo Kovacic
6%
122. Inter Milan PSG 2020/21 50M Mauro Icardi
6%
116. Leicester Chelsea 2020/21 50M Ben Chilwell
5%
181. Leipzig Bayern 2021/22 42M Dayot Upamecano
5%
133. Lyon Real Madrid 2019/20 48M Ferland Mendy
5%
113. Manchester City Arsenal 2022/23 52M Gabriel Jesus
5%
102. Everton Manchester City 2016/17 55M John Stones
5%
178 Lyon West Ham 2022/23 42M Lucas Paqueta
5%
137. Real Madrid Arsenal 2013/14 47M Mesut Ozil
5%
76. Southampton Chelsea 2023/24 62M Roméo Lavia
5%
147. Monaco Chelsea 2023/24 45M Axel Disasi
4%
92. Brighton Arsenal 2021/22 58M Ben White
4%
148. Lyon PSG 2023/24 45M Bradley Barcola
4%
185. PSV Liverpool 2022/23 42M Cody Gakpo
4%
135. Manchester City Chelsea 2023/24 47M Cole Palmer
4%
129. Chelsea PSG 2014/15 49M David Luiz
4%
124. Porto Real Madrid 2019/20 50M Eder Militao
4%
180. Palmeiras Real Madrid 2024/25 42M Endrick
4%
93. Liverpool Chelsea 2010/11 58M Fernando Torres
4%
106. Manchester City Barcelona 2021/22 55M Ferran Torres
4%
141. Leicester City Tottenham 2023/24 46M James Maddison
4%
194. Palermo PSG 2011/12 42M Javier Pastore
4%
98. Napoli Chelsea 2018/19 57M Jorginho
4%
144. Bournemouth Manchester City 2020/21 45M Nathan Aké
4%
128. Lille Milan 2019/20 49M Rafael Leao
4%
94. Everton Tottenham 2022/23 58M Richarlison
4%
149. Bayern Barcelona 2022/23 45M Robert Lewandowski
4%
177. Real Madrid Manchester City 2008/09 43M Robinho
4%
193. Milan PSG 2012/13 42M Thiago Silva
4%
184. Brighton Liverpool 2023/24 42M Alexis Mac Allister
3%
182. Barcelona Arsenal 2014/15 42M Alexis Sanchez
3%
158. Porto Manchester City 2014/15 45M Eliaquim Mangala
3%
97. Ajax Manchester United 2022/23 57M Lisandro Martinez
3%
186. Barcelona Guangzhou Evergrande 2018/19 42M Paulinho
3%
104. Wolverhampton Al Hilal 2023/24 55M Ruben Neves
3%
87. Chelsea Atletico 2017/18 60M Diego Costa
2%
99. Parma Lazio Roma 2000/01 56M Hernan Crespo
2%
175. Schalke Wolfsburg 2015/16 43M Julian Draxler
2%
131. Leeds United Manchester City 2022/23 49M Kalvin Phillips
2%
111. Tottenham Manchester City 2017/18 52M Kyle Walker
2%
188. Juventus Milan 2017/18 42M Leonardo Bonucci
2%
119. Atletico Wolverhampton 2023/24 50M Matheus Cunha
2%
165. Chelsea Manchester United 2017/18 44M Nemanja Matic
2%
142. Leeds United Manchester United 2002/03 46M Rio Ferdinand
2%
200. Chelsea Roma 2021/22 41M Tammy Abraham
2%
123. Atletico Arsenal 2020/21 50M Thomas Partey
2%
153. Monaco Leicester City 2019/20 45M Youri Tielemans
2%
112. Fulham Al Hilal 2023/24 52M Aleksandar Mitrovic
1%
127. Shaktar Donetsk JS Suning 2015/16 50M Alex Teixeira
1%
171. Milan Chelsea 2006/07 43M Andriy Shevchenko
1%
143. Everton Newcastle United 2022/23 45M Anthony Gordon
1%
105. Nottingham Forrest Tottenham 2023/24 55M Brennan Johnson
1%
139. Aston Villa Liverpool 2015/16 46M Christian Benteke
1%
140. Lazio Roma Inter Milan 1999/00 46M Christian Vieri
1%
121. Atalanta Tottenham 2022/23 50M Cristian Romero
1%
190. Ajax Tottenham 2017/18 42M Davinson Sanchez
1%
134. Valencia Lazio Roma 2001/02 48M Gaizka Mendieta
1%
169. Torino Juventus 2022/23 44M Gleison Bremer
1%
157. Monchengladbach Arsenal 2016/17 45M Granit Xhaka
1%
130. Swansea City Everton 2017/18 49M Gylfi Sigurdsson
1%
168. Leicester City Newcastle United 2023/24 44M Harvey Barnes
1%
191. Dortmund Manchester United 2016/17 42M Henrikh Mkhitaryan
1%
151. PSV Napoli 2019/20 45M Hirving Lozano
1%
192. Atletico Gunagzhou Evergrande 2015/16 42M Jackson Martinez
1%
162. Sporting Inter Milan 2016/17 44M Joao Mario
1%
170. Hoffeinheim Newcastle United 2019/20 44M Joelinton
1%
163. Chelsea Manchester United 2013/14 44M Juan Mata
1%
179. Lazio Roma Manchester United 2001/02 42M Juan Sebastian Veron
1%
173. Ajax West Ham 2023/24 43M Mohammed Kudus
1%
166. Valencia Manchester City 2015/16 44M Nicolas Otamendi
1%
187. Sampdoria Roma 2018/19 42M Patrick Schick
1%
161. Lazio Roma Juventus 2001/02 45M Pavel Nedved
1%
125. Eintracht Frankfurt West Ham 2019/20 50M Sébastien Haller
1%
53. Shaktar Donetsk Chelsea 2022/23 70M Mykaylo Mudryk
0%
198. Fiorentina Milan 2001/02 41M Rui Costa
0%
Aucun quiz correspondant
Distribution des résultats
% des personnes avec chaque résultat
Percentile par nombre de réponses
Votre historique - résultats
Vous n’avez pas pris ce quiz